Income distribution and employment programme : Characteristics of the haed of household and income inequality in Mexico

Spremljeno u:
Bibliografski detalji
Glavni autor: Ginneken, Wounter van
Format: Knjiga
Jezik:Undetermined
Izdano: Geneva International Labour Office 1975
Teme:
Oznake: Dodaj oznaku
Bez oznaka, Budi prvi tko označuje ovaj zapis!
Thư viện lưu trữ: Trung tâm Học liệu Trường Đại học Cần Thơ
LEADER 00613nam a2200193Ia 4500
001 CTU_87963
008 210402s9999 xx 000 0 und d
082 |a 331.1 
082 |b G493 
100 |a Ginneken, Wounter van 
245 0 |a Income distribution and employment programme : 
245 0 |b Characteristics of the haed of household and income inequality in Mexico 
245 0 |c Wounter van Ginneken 
260 |a Geneva 
260 |b International Labour Office 
260 |c 1975 
650 |a Occupation,Employment 
904 |i Trọng Hiếu 
980 |a Trung tâm Học liệu Trường Đại học Cần Thơ